logo

Bir Sreshtho Munshi Abdur Rouf Library
Jhenaidah Cadet College

নভেলা / (Record no. 1618)

MARC details
000 -LEADER
fixed length control field 00657nam a2200229 a 4500
001 - CONTROL NUMBER
JCCL Control Number 1618
003 - CONTROL NUMBER IDENTIFIER
JCCL marc code BD-JhCC
005 - DATE AND TIME OF LATEST TRANSACTION
control field 20221025134021.0
008 - FIXED-LENGTH DATA ELEMENTS--GENERAL INFORMATION
fixed length control field 171022s2006 bg |||| ||a| 00| 0 ben d
020 ## - INTERNATIONAL STANDARD BOOK NUMBER
International Standard Book Number 9844019133
035 ## - SYSTEM CONTROL NUMBER
system control number (BD-JhCC) 1618
040 ## - CATALOGING SOURCE
Original cataloging agency BD-JhCC
Modifying agency BD-JhCC
041 ## - LANGUAGE CODE
Language code of Book ben
082 ## - DEWEY DECIMAL CLASSIFICATION NUMBER
Classification number 891.443
Author mark and Year HAI 2006
100 ## - MAIN ENTRY--PERSONAL NAME
Personal name হাই, হাসানাত আবদুল
245 ## - TITLE STATEMENT
Title নভেলা /
Statement of responsibility, etc হাসানাত আবদুল হাই
260 ## - PUBLICATION, DISTRIBUTION, ETC. (IMPRINT)
Place of publication, distribution, etc ঢাকা :
Name of publisher, distributor, etc আগামী প্রকাশনী ,
Date of publication, distribution, etc 2006
300 ## - PHYSICAL DESCRIPTION
Pagination 151 .:
Dimensions 32 cm.
650 ## - SUBJECT ADDED ENTRY--TOPICAL TERM
Topical term or geographic name as entry element Bengali Novel
942 ## - ADDED ENTRY ELEMENTS (KOHA)
Source of classification or shelving scheme Dewey Decimal Classification
Koha item type Books
Koha issues (borrowed), all copies 3
Holdings
Source of classification or shelving scheme Damaged status Not for loan Home library Current library Shelving location Date of accession Cost, normal purchase price Total Checkouts Full call number Barcode Date last seen Date checked out Copy number Koha item type Source of acquisition
Dewey Decimal Classification     JCC Rouf Library JCC Rouf Library General Stacks 10/22/2017 160.00 1 891.443 HAI 2006 2380 11/07/2022 10/24/2022 C-1 Books  
Dewey Decimal Classification     JCC Rouf Library JCC Rouf Library General Stacks 11/09/2017 160.00 1 891.443 HAI 2006 3727 04/19/2020 04/12/2020 C-2 Books Foundation of the Tenth's Efforts

JCC Library | Contacts | JCC Home

Last Update on 23 September 2017
Copyright @ 2017-2020 JCC Rouf Library
Rouf Library, Jhenidah Cadet College (JCC), Bangladesh